000 00273nam a2200121Ia 4500
008 190216s9999||||xx |||||||||||||| ||und||
100 _aSankaran
245 0 _aMalayalam-Sameepanam
260 _bPoorna Pubs Kozhikode
300 _a133
650 _aMalayalam
942 _cBK
999 _c26875
_d26875